LEADER 00779nam0-22002891i-450- 001 990004269390403321 005 20120606122529.0 010 $a88-383-1618-X 035 $a000426939 035 $aFED01000426939 035 $a(Aleph)000426939FED01 035 $a000426939 100 $a19990604d1994----km-y0itay50------ba 101 0 $aita 105 $ay-------00-y- 200 1 $aFascismo, fascismi$fEnzo Collotti 210 $aMilano$cSansoni$d1994 215 $aVII, 218 p.$d22 cm 676 $a320.533094$v21$zita 700 1$aCollotti,$bEnzo$f<1929- >$0133884 801 0$aIT$bUNINA$gRICA$2UNIMARC 901 $aBK 912 $a990004269390403321 952 $a320.533 COL 1$bBibl.21150$fFLFBC 959 $aFLFBC 996 $aFascismo, fascismi$969661 997 $aUNINA LEADER 01825nam 2200373 450 001 9910583455303321 005 20230120002912.0 010 $a0-08-101981-5 010 $a0-08-101980-7 035 $a(CKB)4100000007202158 035 $a(MiAaPQ)EBC5609396 035 $a(EXLCZ)994100000007202158 100 $a20181228d2019 uy 0 101 0 $aeng 135 $aurcnu|||||||| 181 $ctxt$2rdacontent 182 $cc$2rdamedia 183 $acr$2rdacarrier 200 00$aThermal hydraulics aspects of liquid metal cooled nuclear reactors /$fedited by Ferry Roelofs 210 1$aDuxford :$cWoodhead Publishing,$d[2019] 210 4$dİ2019 215 $a1 online resource (464 pages) 330 $aThermal Hydraulics Aspects of Liquid Metal cooled Nuclear Reactors is a comprehensive collection of liquid metal thermal hydraulics research and development for nuclear liquid metal reactor applications. A deliverable of the SESAME H2020 project, this book is written by top European experts who discuss topics of note that are supplemented by an international contribution from U.S. partners within the framework of the NEAMS program under the U.S. DOE. This book is a convenient source for students, professionals and academics interested in liquid metal thermal hydraulics in nuclear applications. In addition, it will also help newcomers become familiar with current techniques and knowledge. 606 $aLiquid metal cooled reactors$xSafety measures 615 0$aLiquid metal cooled reactors$xSafety measures. 676 $a621.4834 702 $aRoelofs$b F$g(Ferry), 801 0$bMiAaPQ 801 1$bMiAaPQ 801 2$bMiAaPQ 906 $aBOOK 912 $a9910583455303321 996 $aThermal hydraulics aspects of liquid metal cooled nuclear reactors$91960047 997 $aUNINA